Statistics for Most Common First Names in the United States - S

Click here to take the quiz!

General Stats

  • This quiz has been taken 709 times
  • The average score is 10 of 20

Answer Stats

HintAnswer% Correct
192Sam
92%
84Sara
85%
74Steve
77%
23Sarah
75%
60Samuel
73%
34Stephen
67%
8Susan
67%
16Sandra
63%
18Steven
60%
41Stephanie
58%
94Sean
54%
20Sharon
43%
106Stanley
36%
32Scott
35%
92Shawn
35%
190Shane
27%
124Sheila
27%
27Shirley
27%
120Sylvia
25%
119Sherry
19%

Score Distribution

Percentile by Number Answered

Percent of People with Each Score

Your Score History

You have not taken this quiz